000 00206nam a22000977a 4500
999 _c264308
_d264307
020 _a0439802881
100 _aDavid Shannon
245 _aDUCK AND A BOOK
260 _aUSA
_bSholastic Inc
_c2005
942 _cBK